000 00791nam a22002297a 4500
005 20170124110223.0
010 _aB-219935
020 _c660.00
_a9798177081052
035 _aB-219935
037 _bCen Lib/Ret
040 _aDPL
_bEN
082 _a338.83
_bKAR
100 _aKar, Rabi Narayan
_940243
245 _aMergers and acquisitions of enteprises :
_cby Rabi Narayan Kar
_bindian and global experiences /
260 _aNew Delhi
_bNew century publications
_c2006
270 _bNew Delhi
_a4800/24, Bharat Ram road, Ansari road, Daryaganj
_e110005
300 _axiii,316p.
_c21cm(Hb)
500 _aIncludes bibliographical references and index
650 _aEconomics
_940244
650 _aInternational enterprises
_940245
942 _2ddc
_cEN
_h338.83
_mKAR
999 _c134264
_d134264